[Event "Open A"]
[Site "Prague CZE"]
[Date "2007.01.12"]
[Round "2"]
[White "Ganaus,H"]
[Black "Marjanovic,Slavk"]
[Result "1/2-1/2"]
[WhiteElo "2341"]
[BlackElo "2034"]

1.Nf3 d5 2.c4 c6 3.e3 Bg4 4.cxd5 cxd5 5.Qb3 Bxf3 6.Qxb7 Nd7 7.gxf3 Qc8 8.Qxc8+ Rxc8
9.Nc3 Ngf6 10.d4 e6 11.Bb5 Bb4 12.Bd2 O-O 13.Na4 Bd6 14.O-O e5 15.Rac1 exd4
16.exd4 h6 17.Rxc8 Rxc8 18.Rc1 Rxc1+ 19.Bxc1 Kf8 20.Nc3 Ke7 21.Bc6 Ke6 22.Nb5 Bb8
23.a4 Nf8 24.Nc3 Ng6 25.Bb5 Nh4 26.Be2 Nh5 27.a5 Nf5 28.Be3 Nf4 29.a6 Nh4  1/2-1/2

[Event "14th Western Class Ch."]
[Site "Agoura Hills USA"]
[Date "2007.01.13"]
[Round "2"]
[White "Pupols,V"]
[Black "Pruess,D"]
[Result "0-1"]
[WhiteElo "2185"]
[BlackElo "2402"]

1.Nf3 d5 2.c4 e6 3.b3 Nf6 4.Bb2 c5 5.g3 Nc6 6.Bg2 d4 7.O-O e5 8.d3 Be7 9.Na3 O-O
10.Nc2 Bg4 11.e4 Nd7 12.h3 Be6 13.Bc1 f5 14.exf5 Bxf5 15.Qe2 Nf6 16.Ng5 Qd7
17.Kh2 h6 18.Ne4 Nxe4 19.dxe4 Be6 20.Qd3 a6 21.Bd2 b5 22.f4 Kh7 23.f5 Bg8
24.h4 bxc4 25.bxc4 Rab8 26.Ne3 Nb4 27.Bxb4 cxb4 28.Nd5 Bf6 29.Rfc1 Rfc8 30.Bf3 a5
31.Rab1 Bf7 32.Kg2 Qd6 33.Be2 Be8 34.Qd2 Be7 35.Rf1 a4 36.Kh3 b3 37.axb3 Rxb3
38.Rxb3 axb3 39.Rb1 Rb8 40.Bd1 Qa3 41.Nxe7 Qxe7 42.Rxb3 Ra8 43.Be2 Ra1 44.Qb4 Qxb4
45.Rxb4 Re1 46.Bd3 Re3 47.Bb1 d3 48.Rb3 d2 49.Bc2 Ba4  0-1

[Event "TCh-NOR 2006-7"]
[Site "Oslo NOR"]
[Date "2007.01.13"]
[Round "5"]
[White "Kveinys,A"]
[Black "Hole,O"]
[Result "1-0"]
[WhiteElo "2544"]
[BlackElo "2410"]

1.Nf3 d5 2.c4 c6 3.e3 Nf6 4.Nc3 e6 5.b3 Nbd7 6.Qc2 Be7 7.d4 O-O 8.Bd3 b6
9.O-O Bb7 10.Bb2 Rc8 11.Rad1 h6 12.e4 dxe4 13.Nxe4 Nxe4 14.Bxe4 Nf6 15.Bd3 Qc7
16.c5 Nd5 17.Ne5 Nb4 18.Bh7+ Kh8 19.Qb1 Nd5 20.Bd3 Nf4 21.Bc4 b5 22.Bd3 Nxd3
23.Rxd3 Rcd8 24.Re1 Rd5 25.Rh3 Bf6 26.Bc1 Rxd4 27.Bxh6 Rh4 28.Rxh4 Bxh4 29.Bf4 Qe7
30.Nf3 Re8 31.Bd6 Qd8 32.Nxh4 Qxh4 33.Re3  1-0

[Event "Open A"]
[Site "Prague CZE"]
[Date "2007.01.13"]
[Round "3"]
[White "Dolezal,R1"]
[Black "Belunek,V"]
[Result "1/2-1/2"]
[WhiteElo "2422"]
[BlackElo "2246"]

1.Nf3 d5 2.c4 c6 3.b3 Bg4 4.Bb2 e6 5.d3 Nd7 6.Nbd2 Ngf6 7.h3 Bxf3 8.Nxf3 Qa5+
9.Nd2 Ba3 10.Bxa3 Qxa3 11.e3 O-O 12.Be2 a5 13.O-O a4 14.Qc1 axb3 15.axb3 Qb4
16.Qb2 h6 17.d4 c5 18.cxd5 Nxd5 19.Bf3 cxd4 20.Qxd4 Qxd4 21.exd4 N7f6 22.Nc4 Rfd8
23.Ne3 b5 24.Bxd5 Rxa1 25.Rxa1 Nxd5 26.Nxd5  1/2-1/2

[Event "TCh-BEL 2006-7"]
[Site "Belgium BEL"]
[Date "2007.01.14"]
[Round "6"]
[White "Chuchelov,V"]
[Black "Kritz,L"]
[Result "1/2-1/2"]
[WhiteElo "2539"]
[BlackElo "2597"]

1.Nf3 d5 2.c4 c6 3.e3 Nf6 4.Nc3 a6 5.Qc2 g6 6.d4 Bg7 7.Bd3 O-O 8.O-O Bg4
9.Ne5 Be6 10.b3 Nbd7 11.Nxd7 Qxd7 12.Na4 Qd6 13.h3 Nd7 14.Bb2 f5 15.Rfd1 f4
16.e4 dxe4 17.Bxe4 Bf5 18.d5 Bxb2 19.Nxb2 Bxe4 20.Qxe4 Nf6 21.Qf3 cxd5 22.cxd5 b5
23.Rac1 Rad8 24.Nd3 Qxd5 25.Qxf4 Ne4 26.Qe3 Qd4 27.Re1  1/2-1/2

[Event "TCh-NOR 2006-7"]
[Site "Oslo NOR"]
[Date "2007.01.14"]
[Round "6"]
[White "Harestad,T"]
[Black "Bjerke,S"]
[Result "1/2-1/2"]
[WhiteElo "2203"]
[BlackElo "2195"]

1.Nf3 d5 2.c4 e6 3.b3 Nf6 4.Bb2 Be7 5.g3 O-O 6.Bg2 c5 7.O-O Nc6 8.cxd5 Nxd5
9.Na3 b6 10.Nc4 Bb7 11.Rc1 Rc8 12.a3 Nf6 13.Nfe5 Qc7 14.Nxc6 Bxc6 15.Bxc6 Qxc6
16.Ne3 Qd7 17.Qc2 Rfd8 18.Rfd1 Qb7 19.Qc4 Ne4 20.d3 Nd6 21.Qg4 Ne8 22.Nc4 Bf6
23.Bxf6 Nxf6 24.Qf4 Qe7 25.Rc2 Rd4 26.Qf3 Qc7 27.Rdc1 Qb8 28.Ne3 Rdd8 29.Rc4 Rd4
30.R4c2 Rdd8 31.h3 h6 32.Kg2 Nd7 33.Nc4 Ne5 34.Nxe5 Qxe5 35.b4 Rd5 36.Qf4 Qxf4
37.gxf4 Kf8 38.Rc3 Ke7 39.e3 Rcd8 40.bxc5 Rxc5 41.Rxc5 bxc5 42.Rxc5 Rxd3
43.Ra5 Rd7 44.f5 exf5 45.Rxf5 Ke6 46.Ra5  1/2-1/2

[Event "zt 3.3"]
[Site "Phu Quoc VIE"]
[Date "2007.01.16"]
[Round "7"]
[White "Dableo,R"]
[Black "Antonio,R"]
[Result "1/2-1/2"]
[WhiteElo "2453"]
[BlackElo "2551"]

1.Nf3 d5 2.c4 e6 3.e3 Nf6 4.b3 c5 5.Bb2 Nc6 6.a3 Be7 7.cxd5 exd5 8.d4 O-O
9.dxc5 Bxc5 10.b4 Bb6 11.Be2 Re8 12.O-O Bg4 13.Nc3 Bxf3 14.Bxf3 d4 15.exd4 Bxd4
16.Na4 Bxb2 17.Nxb2 a5  1/2-1/2

[Event "zt 3.3"]
[Site "Phu Quoc VIE"]
[Date "2007.01.18"]
[Round "9"]
[White "Dableo,R"]
[Black "Duong The Anh"]
[Result "1/2-1/2"]
[WhiteElo "2453"]
[BlackElo "2393"]

1.Nf3 d5 2.c4 c6 3.d4 Nf6 4.Qc2 g6 5.Bf4 Bg7 6.Nbd2 O-O 7.h3 Na6 8.e3 Bf5
9.Qb3 Qb6 10.a3 Rac8 11.c5 Qxb3 12.Nxb3 Nc7 13.Rc1 Be4 14.Na5 Bxf3 15.gxf3 Nh5
16.Bh2 f5 17.Nxb7 f4 18.Na5 Ne6 19.Ba6 Rc7 20.Be2 Nd8 21.b4 e5 22.e4 exd4
23.Kd2 Nf7 24.exd5 cxd5 25.a4 Ne5 26.b5 Rb8 27.Nb3 d3 28.Bxd3 Nxf3+ 29.Ke2 Nxh2
30.Rxh2 f3+ 31.Kd1 Nf4 32.Kc2 a6 33.Kd2 Nxd3 34.Kxd3 axb5 35.a5 b4 36.h4 Bc3
37.Rh3 Rf7 38.Rg1 Rf4 39.h5 Kg7 40.hxg6 hxg6  1/2-1/2

[Event "ch-GER"]
[Site "Koenigshofen GER"]
[Date "2007.01.19"]
[Round "1"]
[White "Feustel,B"]
[Black "Prusikin,M"]
[Result "1-0"]
[WhiteElo "2319"]
[BlackElo "2571"]

1.Nf3 d5 2.c4 e6 3.b3 Nf6 4.g3 Be7 5.Bg2 O-O 6.O-O c5 7.e3 Nc6 8.Qe2 e5 9.cxd5 Nxd5
10.Bb2 Bf6 11.d3 Re8 12.a3 a5 13.Nbd2 b6 14.Rfd1 g6 15.Nc4 Rb8 16.Rac1 Bg7
17.Ng5 Qxg5 18.Bxd5 Bg4 19.f3 Bd7 20.Nd6 Rf8 21.Bc4 Qe7 22.Ne4 Kh8 23.Nc3 Be6
24.Qc2 f5 25.Re1 Qf7 26.f4 Rfd8 27.Qg2 Qd7 28.Bb5 Rdc8 29.fxe5 Bxe5 30.b4 axb4
31.axb4 Qd6 32.Ba6 Rd8 33.Nb5 Qd5 34.e4 fxe4 35.Rxe4 Bxb2 36.Qxb2+ Kg8 37.Nc7 Qa2
38.Qf6 Nd4 39.Rxd4 Rxd4 40.Nxe6 Rd7  1-0

[Event "TCh-AUT 2006-7"]
[Site "Leoben AUT"]
[Date "2007.01.19"]
[Round "5"]
[White "Stangl,M"]
[Black "Lendwai,R"]
[Result "1/2-1/2"]
[WhiteElo "2465"]
[BlackElo "2428"]

1.Nf3 d5 2.c4 c6 3.d4 Nf6 4.Nc3 g6 5.Bf4 dxc4 6.a4 Nd5 7.Bd2 Bf5 8.e3 Bd3
9.Bxd3 cxd3 10.O-O a5 11.Ne4 Nd7 12.Qb3 Qb6 13.Qxd3 Bg7 14.Ra3 O-O 15.Rb3 Qc7
16.Rc1 Rfd8 17.Qe2 e5 18.dxe5 Nxe5 19.Nxe5 Bxe5 20.h3 Bg7 21.Nc5 b6 22.Nd3 c5
23.e4 Ne7 24.Bf4 Qc6 25.Rc4 Qe6 26.Qc2 Rd4 27.Rxd4 Bxd4 28.Nc1 c4 29.Rb5 Rc8
30.Ne2 Bc5 31.Bh6 Rd8 32.b3  1/2-1/2

[Event "IM"]
[Site "Marianske Lazne CZE"]
[Date "2007.01.20"]
[Round "2"]
[White "Vokoun,J"]
[Black "Plischki,S"]
[Result "1/2-1/2"]
[WhiteElo "2223"]
[BlackElo "2381"]

1.Nf3 d5 2.c4 d4 3.b4 g6 4.Bb2 Bg7 5.d3 e5 6.g3 Ne7 7.Bg2 O-O 8.O-O a5 9.a3 Nd7
10.c5 axb4 11.axb4 Rxa1 12.Bxa1 b6 13.cxb6 Nxb6 14.Nbd2 Ned5 15.Qb3 Be6 16.Qb1 Qe7
17.b5 Na4 18.Ne4 f5 19.Neg5 Ndc3 20.Bxc3 Nxc3 21.Qb2 Bd5 22.e3 h6 23.exd4 exd4
24.Nh3 g5 25.Re1 Qc5 26.Nd2 Bxg2 27.Kxg2 Qxb5 28.Qxb5 Nxb5 29.Ng1 Ra8 30.Nc4 g4
31.Re2 Rf8 32.Rb2 c6 33.Ne2 Kf7  1/2-1/2

[Event "ch-Kyiv"]
[Site "Kyiv UKR"]
[Date "2007.01.21"]
[Round "2"]
[White "Bidkova,V"]
[Black "Shumilov,I"]
[Result "1/2-1/2"]
[WhiteElo "2017"]
[BlackElo "2175"]

1.Nf3 d5 2.c4 e6 3.g3 f5 4.d4 Nf6 5.Bg2 c6 6.O-O Bd6 7.Nc3 O-O 8.Bf4 Bxf4
9.gxf4 Nbd7 10.e3 Qe7 11.Ne5 Ne4 12.Nxe4 fxe4 13.Rc1 Nxe5 14.fxe5 Bd7 15.f4 exf3
16.Rxf3 Rxf3 17.Qxf3 Rf8 18.Qg4 Qb4 19.Qe2 Be8 20.c5 Qa5 21.a3 Bg6 22.Re1 Rf5
23.Bf3 Rg5+ 24.Kh1 Bf5 25.Rg1 Qd8 26.Qf2 Rxg1+ 27.Qxg1 Qh4 28.Qg3 Qh6 29.Qf4 Qg6
30.h4 h6 31.Kh2 Qf7 32.b4 Kf8 33.Kg3 Ke7 34.Kf2 Qg8 35.h5 Qf7 36.Qh4+ Kd7
37.Qf4 Qe7 38.Kg3 Qe8 39.Kf2 b6 40.Qg3 Qf7 41.Kg2 Kc7 42.Qe1 Bh7 43.Qh4 Kd7
44.Qf4 Bf5 45.Qg3 Ke8 46.Kf2 bxc5 47.dxc5 Kf8 48.Qf4 Kg8 49.a4 Qc7 50.Qd4 Qb7
51.Be2 a6 52.Bd3 Bxd3  1/2-1/2

[Event "ch-Kyiv"]
[Site "Kyiv UKR"]
[Date "2007.01.21"]
[Round "2"]
[White "Matorin,E"]
[Black "Manilyk,A"]
[Result "1-0"]
[WhiteElo "2274"]
[BlackElo "2105"]

1.Nf3 d5 2.c4 c6 3.b3 Bf5 4.d3 Nf6 5.g3 h6 6.Bg2 e6 7.O-O Be7 8.Nbd2 Bh7
9.Bb2 a5 10.a3 O-O 11.Re1 Nbd7 12.Qc2 Nc5 13.Bc3 Na6 14.Qb2 b5 15.cxb5 cxb5
16.b4 a4 17.Rac1 Qb6 18.Bd4 Qb7 19.Ne5 Ne8 20.Bh3 Kh8 21.f4 Nb8 22.Rc2 f6
23.Nef3 Ra6 24.Rec1 Bg8 25.Bf2 Nc6 26.Nd4 Nd8 27.N2f3 Bd6 28.Nh4 Bf7 29.f5 Be5
30.Nhf3 exf5 31.Nxe5 fxe5 32.Nxf5 d4 33.Rc5 Rf6 34.Rxe5 Be6 35.Qxd4 Nc6 36.Qe4 Nxe5
37.Qxb7 Bxf5 38.Bxf5 Rxf5 39.Bc5 Rg8 40.Qe4 Rh5 41.Be7 Nd7 42.Qe6 Nef6 43.d4 Rg5
44.Rc7 Nf8 45.Qf7 N8h7 46.Rc6 Rf5 47.e4 Rf3 48.Bxf6  1-0

[Event "TCh-AUT 2006-7"]
[Site "Leoben AUT"]
[Date "2007.01.21"]
[Round "7"]
[White "Knoll,H"]
[Black "Genser,H"]
[Result "0-1"]
[WhiteElo "2409"]
[BlackElo "2334"]

1.Nf3 d5 2.c4 e6 3.g3 dxc4 4.Qa4+ c6 5.Qxc4 b5 6.Qc2 Bb7 7.Bg2 Nd7 8.O-O c5
9.a4 a6 10.d3 Ngf6 11.axb5 axb5 12.Rxa8 Qxa8 13.Na3 Bc6 14.b4 cxb4 15.Nxb5 Bxb5
16.Nd4 Qb8 17.Nxb5 Qxb5 18.Qc8+ Ke7 19.Bb2 Qb8 20.Qc4 g6 21.Bc6 Bg7 22.Bb5 Qd6
23.Ra1 Rd8 24.Ra7 Kf8 25.Qh4 Kg8 26.Ra6 Qc7 27.Rc6 Qb7 28.Qc4 Nb6 29.Qc5 Nbd7
30.Qc4 Nb6 31.Qc5 Nbd5 32.Ba6 Qb8 33.e4 Nd7 34.Qc1 Nc3 35.Kg2 Qa8  0-1

[Event "IM"]
[Site "Marianske Lazne CZE"]
[Date "2007.01.23"]
[Round "5"]
[White "Zemerov,V"]
[Black "Krzesaj,R"]
[Result "1-0"]
[WhiteElo "2346"]
[BlackElo "2314"]

1.Nf3 d5 2.c4 c6 3.Qc2 Nf6 4.g3 e6 5.Bg2 Bd6 6.d4 O-O 7.O-O Nbd7 8.Nbd2 Qe7
9.e4 dxe4 10.Nxe4 Nxe4 11.Qxe4 h6 12.Bf4 Nf6 13.Bxd6 Qxd6 14.Qe3 b6 15.Ne5 Bb7
16.c5 Qc7 17.Rfd1 Nd7 18.Rac1 Rfd8 19.Nc4 Rab8 20.b4 Ba6 21.cxb6 axb6 22.Nd2 Bb7
23.Ne4 Rbc8 24.h4 Nf8 25.Qb3 Ng6 26.a4 Ne7 27.a5 Ra8 28.Ra1 Ba6 29.Nc3 Nf5
30.b5 Nxd4 31.Rxd4 Rxd4 32.bxa6 Rxa6 33.Qb2 Rxa5 34.Nb5 Rd2 35.Rxa5 bxa5
36.Qxd2 cxb5 37.Bf1 b4 38.Qc2 h5 39.Qa4 g6 40.Bd3 Qe5 41.Be2 Kg7 42.Qb3 Qd4
43.Kg2 Qe5 44.Qc4 Qb2 45.Bf3 Qe5 46.Bc6 Qa1 47.Be8 Kf8 48.Qc8 Qe5 49.Bc6+ Kg7
50.Qb7 Kf8 51.Ba4 Kg7 52.Be8 Qf5 53.Qf3 Qxf3+ 54.Kxf3 b3 55.Ba4 b2 56.Bc2 f5
57.Ke3 e5 58.Kd3 a4 59.Kc3 a3 60.Kb3 f4 61.gxf4 exf4 62.Kxa3 Kf6 63.Kxb2 g5
64.hxg5+ Kxg5 65.Bd1  1-0

[Event "IM"]
[Site "Passos BRA"]
[Date "2007.01.23"]
[Round "5"]
[White "Hernandez,Gu DOM"]
[Black "Cubas,Jo"]
[Result "1-0"]
[WhiteElo "2344"]
[BlackElo "2414"]

1.Nf3 d5 2.c4 c6 3.cxd5 cxd5 4.d4 Nf6 5.Nc3 Nc6 6.Bf4 Bf5 7.e3 e6 8.Ne5 Nxe5
9.Bxe5 Nd7 10.Bd3 Bxd3 11.Qxd3 f6 12.Bg3 Rc8 13.O-O Bb4 14.Rfc1 Qa5 15.Nxd5 Rxc1+
16.Rxc1 exd5 17.Rc8+ Kf7 18.Rxh8 Nf8 19.Qb3 Be7 20.h3 g6 21.Qxb7  1-0

[Event "ch-GER"]
[Site "Koenigshofen GER"]
[Date "2007.01.25"]
[Round "7"]
[White "Wichmann,C"]
[Black "Schuster,Mar"]
[Result "1/2-1/2"]
[WhiteElo "2419"]
[BlackElo "2223"]

1.Nf3 d5 2.c4 e6 3.g3 Nf6 4.Bg2 Be7 5.O-O O-O 6.Qc2 Nbd7 7.d4 c5 8.dxc5 Bxc5
9.cxd5 Nxd5 10.Ng5 N5f6 11.Nc3 h6 12.Nge4 Be7 13.Rd1 Qc7 14.Nxf6+ Nxf6 15.Qb3 Bd7
16.Qxb7 Qxb7 17.Bxb7 Rab8 18.Ba6 Rb6 19.Bc4 Rc8 20.b3 a5 21.Be3 Rbb8 22.Bf4 Rb6
23.Be5 Be8 24.a4 Rbc6 25.Nb5 Bc5 26.Nd6 Bxd6 27.Bxd6 Ne4 28.Be5 f6 29.Bb2 Bf7
30.Ba3 R6c7 31.Rac1 e5 32.Bxf7+ Kxf7 33.Rxc7+ Rxc7 34.Rd5 Ra7 35.Kf1 Ke6
36.Rb5 Ra6 37.f3 Nc3 38.Rb7 g6 39.e4 f5 40.Bb2 Nd1 41.exf5+ gxf5 42.Rh7 Ra8
43.Bc1 Rb8 44.Ke2 Nc3+ 45.Kd2 Na2 46.Rxh6+ Kd5 47.Ra6 Nxc1 48.Rxa5+ Kd4 49.Kxc1 Rxb3
50.f4 exf4 51.Rb5 Ra3 52.Rxf5 fxg3 53.hxg3 Rxg3 54.Kb2 Kc4  1/2-1/2

[Event "ch-GER"]
[Site "Koenigshofen GER"]
[Date "2007.01.25"]
[Round "7"]
[White "Heinig,Wo"]
[Black "Namyslo,H"]
[Result "1/2-1/2"]
[WhiteElo "2364"]
[BlackElo "2281"]

1.Nf3 d5 2.c4 e6 3.g3 Nf6 4.Bg2 c5 5.cxd5 Nxd5 6.O-O Be7 7.Nc3 Nxc3 8.dxc3 O-O
9.Bf4 Nc6 10.Qc2 f6 11.Rad1 Qb6 12.Bc1 Qa6 13.b3 Kh8 14.Rfe1 e5 15.Nd2 Be6
16.Be4 f5 17.Bg2 Rae8 18.Nf1 Bf6 19.Ne3 Ne7 20.Nd5 Nxd5 21.Bxd5 f4 22.c4 fxg3
23.hxg3 Bxd5 24.Rxd5 e4 25.Be3 Bd4 26.Qd2 Bxe3 27.Qxe3 b6 28.a4 Qc8 29.Kg2 Rf5
30.Red1 Rxd5 31.Rxd5 Qe6 32.a5 h6 33.a6 Qc8 34.Qd2 e3 35.fxe3 Qxa6 36.Rd8 Qb7+
37.Kg1 Qe7 38.Rxe8+ Qxe8 39.Qd3 a6 40.e4 Qg6  1/2-1/2

[Event "ch-GER"]
[Site "Koenigshofen GER"]
[Date "2007.01.27"]
[Round "9"]
[White "Seuffert,G"]
[Black "Namyslo,H"]
[Result "0-1"]
[WhiteElo "2339"]
[BlackElo "2281"]

1.Nf3 d5 2.c4 e6 3.g3 Nf6 4.Bg2 dxc4 5.Qc2 c6 6.Ne5 Be7 7.Nxc4 O-O 8.O-O b5
9.Ne5 Bb7 10.Rd1 Qd4 11.Qc3 Qb6 12.d4 Nd5 13.Qb3 c5 14.dxc5 Bxc5 15.Nd3 Be7
16.e4 Nf6 17.Be3 Qc7 18.Nc3 b4 19.Nxb4 Nc6 20.Nxc6 Bxc6 21.f3 Rab8 22.Qc2 Rfc8
23.Qf2 Rb7 24.Rac1 Qa5 25.Kh1 h6 26.Rc2 Rbc7 27.Rdc1 Nd7 28.Bf4 e5 29.Be3 Nc5
30.Bf1 Ne6 31.Bh3 Bb7 32.Bxe6 fxe6 33.Bxa7 Rd7 34.Bb6 Qa6 35.Be3 Bb4 36.a3 Be7
37.Kg2 Qa8 38.Kg1 Rcd8 39.Bb6 Rf8 40.Re1 Rd3 41.Re3 Rd7 42.Ree2 Bg5 43.Bc5 Rf6
44.h4 Rdf7 45.hxg5 Rxf3 46.Qg2 hxg5 47.Qh3 Qa6 48.Rcd2 Rd3 49.Rxd3 Qxd3 50.Bf2 Rf6
51.Qg2 g4 52.Be1 Ba6 53.Bf2 Rh6 54.Bc5 Rh3 55.Rd2 Qc4 56.Be3 Kh7 57.Kf2 Kg6
58.Ke1 Rxg3 59.Kf2 Rxg2+ 60.Kxg2 Qf1+ 61.Kh2 Qh3+  0-1

[Event "Open"]
[Site "Moscow RUS"]
[Date "2007.01.28"]
[Round "2"]
[White "Gareev,T"]
[Black "Skurikhin,D"]
[Result "1-0"]
[WhiteElo "2551"]
[BlackElo "2401"]

1.Nf3 d5 2.c4 c6 3.g3 Nf6 4.Bg2 Bg4 5.Ne5 Bh5 6.cxd5 cxd5 7.Qa4+ Nbd7 8.Nc3 e6
9.g4 Bg6 10.h4 h6 11.Nxg6 fxg6 12.Qc2 Kf7 13.d4 Bb4 14.g5 hxg5 15.Bxg5 Rc8
16.Rh3 Qa5 17.Bd2 Rc4 18.a3 Bxc3 19.Bxc3 Qc7 20.e3 Rc6 21.Ke2 Rh5 22.Rg1 Nf8
23.Bf3 Rf5 24.Rhg3 Kg8 25.Kf1 Qf7 26.Qe2 Rc7 27.R1g2 Qe8 28.Rg5 N6h7 29.R5g3 Nf6
30.Kg1 Rf7 31.Bb4 Nh5 32.Rh3 Kh7 33.Bg4 Qc6 34.Bxf5 exf5 35.Bxf8 Rxf8 36.Rg5 a6
37.Qf3 Rf6 38.Kg2 Qd7 39.Rh1 Re6 40.Rh3 Re4 41.Rxh5+ gxh5 42.Qxh5+ Kg8 43.Rg3 f4
44.Rg4 fxe3 45.Rxe4 dxe4 46.fxe3 Qc6 47.Qc5 Qg6+ 48.Qg5 Qc6 49.Qc5 Qg6+ 50.Kh3 b5
51.Qd5+ Kh7 52.h5 Qe8 53.Kg4 Qe7 54.Qf5+ Kh8 55.d5 b4 56.Qe6 Qc5 57.Qe8+ Kh7
58.Qxe4+  1-0

[Event "Open"]
[Site "Moscow RUS"]
[Date "2007.01.29"]
[Round "3"]
[White "Belous,V"]
[Black "Mozharov,M"]
[Result "1-0"]
[WhiteElo "2289"]
[BlackElo "2425"]

1.Nf3 d5 2.c4 e6 3.g3 Nf6 4.Bg2 dxc4 5.Qa4+ Nbd7 6.Qxc4 a6 7.Qb3 Be7 8.O-O O-O
9.Nc3 c5 10.d3 Bd6 11.Nd2 Rb8 12.Nc4 Bc7 13.a4 b6 14.h3 Qe7 15.Be3 Rd8 16.Rfc1 h6
17.Nd2 Ne5 18.Qa3 Bb7 19.Bxb7 Rxb7 20.a5 bxa5 21.Bxc5 Qe8 22.Be7 Rdb8 23.Bxf6 gxf6
24.Nde4 Kg7 25.Na4 Rb3 26.Qc5 Bb6 27.Nxb6 R8xb6 28.Rxa5 Qd8 29.Qe3 Rxb2 30.Nxf6 Qxf6
31.Rxe5 R6b5 32.Re4 R5b4 33.d4 Rb1 34.Rg4+ Kh7 35.Rxb1 Rxb1+ 36.Kg2 Rb5 37.Qd3+ Qf5
38.e4 Qf6 39.Rf4 Qg6 40.Qf3 Rb7 41.Rg4  1-0

[Event "ch-Kyiv"]
[Site "Kyiv UKR"]
[Date "2007.01.30"]
[Round "11"]
[White "Matorin,E"]
[Black "Kernazhitsky,L"]
[Result "0-1"]
[WhiteElo "2274"]
[BlackElo "2345"]

1.Nf3 d5 2.c4 c6 3.b3 Nf6 4.g3 Bf5 5.d3 h6 6.Bg2 e6 7.O-O Nbd7 8.Bb2 Bc5
9.Nbd2 O-O 10.Qc2 Qe7 11.a3 a5 12.e4 dxe4 13.dxe4 Bh7 14.Qc3 Rfd8 15.e5 Ne4
16.Nxe4 Bxe4 17.Nd2 Bxg2 18.Kxg2 Nf8 19.Ne4 Bd4 20.Qc2 Ng6 21.f4 c5 22.Rad1 Bxb2
23.Qxb2 Qc7 24.Nd6 Ne7 25.Qc2 Qc6+ 26.Qe4 Rxd6 27.Qxc6 Rxc6 28.Rd7 Nf5 29.Rb1 b6
30.Kf3 a4 31.b4 Nd4+ 32.Ke4 Nb3 33.b5 Rcc8 34.Rbd1 Nd4 35.Rd6 Rab8 36.Rd7 Rd8
37.Ra7 Kf8 38.g4 g6 39.Ra6 Kg7 40.Ra7 Rh8 41.Rd2 h5 42.g5 Rhd8 43.Ra6 Kf8
44.Rd3 Ke8 45.h3 Nb3 46.Rxa4 Rxd3 47.Kxd3 Na5  0-1

[Event "FINEC GM"]
[Site "St Petersburg RUS"]
[Date "2007.01.30"]
[Round "6"]
[White "Mihajlovskij,S"]
[Black "Korbut,E"]
[Result "1/2-1/2"]
[WhiteElo "2451"]
[BlackElo "2452"]

1.Nf3 d5 2.c4 dxc4 3.e3 a6 4.Bxc4 e6 5.Be2 c5 6.d4 Nc6 7.dxc5 Qxd1+ 8.Bxd1 Bxc5
9.Nbd2 Nf6 10.a3 O-O 11.b4 Be7 12.Bb2 b5 13.Nb3 a5 14.bxa5 Nxa5 15.Nxa5 Rxa5
16.Nd4 Bd7 17.Bf3 Nd5 18.Bxd5 exd5 19.Kd2  1/2-1/2

[Event "Gibtelecom Masters"]
[Site "Catalan Bay ENG"]
[Date "2007.02.01"]
[Round "9"]
[White "Bradford,J"]
[Black "Citak,S"]
[Result "1-0"]
[WhiteElo "2453"]
[BlackElo "2310"]

1.Nf3 d5 2.c4 e6 3.g3 Nf6 4.Bg2 Be7 5.O-O O-O 6.d4 c5 7.cxd5 exd5 8.dxc5 Bxc5
9.a3 Ne4 10.b4 Be7 11.Bb2 Bf6 12.Bxf6 Qxf6 13.Qd4 Nc6 14.Qxf6 Nxf6 15.Nc3 Bf5
16.Rfd1 Be4 17.Nd4 Bxg2 18.Kxg2 Rfd8 19.Nf3 Rac8 20.Rd3 a5 21.b5 Ne7 22.Rad1 Rc5
23.Nd4 Rdc8 24.Na4 Rc1 25.Nc6 R1xc6 26.bxc6 bxc6 27.Nc5 Ne8 28.Rb1 Nd6 29.Rdb3 g6
30.Rb8 Kg7 31.Rxc8 Nexc8 32.Rb8 Ne7 33.a4 Kf6 34.Ra8 Ke5 35.Nd3+ Kd4 36.Rxa5 Nec8
37.Kf1 Nc4 38.Ra6  1-0

[Event "39th Giorgi Tringov"]
[Site "Plovdiv BUL"]
[Date "2007.02.06"]
[Round "2"]
[White "Milchev,N"]
[Black "Jevtic,S"]
[Result "1-0"]
[WhiteElo "2348"]
[BlackElo "2142"]

1.Nf3 d5 2.c4 c6 3.b3 Nf6 4.Bb2 Bf5 5.e3 e6 6.Be2 Be7 7.O-O O-O 8.d4 Nbd7
9.Nc3 Ne4 10.c5 Qc7 11.b4 Bf6 12.Nxe4 Bxe4 13.Nd2 Bg6 14.f4 Be7 15.Qb3 Nf6
16.Bf3 Bh5 17.a4 Bxf3 18.Nxf3 Ne4 19.Bc3 Rab8 20.Rfc1 b6 21.cxb6 Qxb6 22.Ne5 Qb7
23.Be1 c5 24.b5 f6 25.Nf3 c4 26.Qc2 Rfc8 27.Nd2 Nxd2 28.Bxd2 f5 29.Rcb1 a6
30.Bc3 axb5 31.Rxb5 Qa7 32.Rab1 Rxb5 33.Rxb5 Rc6 34.a5 Kf7 35.Qb1 Rc7 36.Rb6 Bd8
37.Qb5 Re7 38.Rb8 Qd7 39.Qxd7 Rxd7 40.a6 Be7 41.Ra8 Kg6 42.Kf2 Bd6 43.Ke2 Kh5
44.Ba5  1-0

[Event "5th I Platonov Mem"]
[Site "Kyiv UKR"]
[Date "2007.02.10"]
[Round "9"]
[White "Matorin,E"]
[Black "Vysochin,S"]
[Result "1/2-1/2"]
[WhiteElo "2274"]
[BlackElo "2526"]

1.Nf3 d5 2.c4 c6 3.b3 Nf6 4.Bb2 Bf5 5.d3 e6 6.g3 h6 7.Bg2 Be7 8.O-O O-O 9.Nbd2 a5
10.a3 Nbd7 11.Ne5 Nxe5 12.Bxe5 Bd6 13.Bxd6 Qxd6 14.e4 dxe4 15.Nxe4 Bxe4 16.dxe4 Qc5
17.Qc2  1/2-1/2

[Event "TCh-BEL 2006-7"]
[Site "Belgium BEL"]
[Date "2007.02.11"]
[Round "8"]
[White "Kveinys,A"]
[Black "Lobzhanidze,D"]
[Result "1-0"]
[WhiteElo "2544"]
[BlackElo "2446"]

1.Nf3 d5 2.c4 c6 3.e3 Nf6 4.Nc3 a6 5.d4 Bf5 6.Qb3 Ra7 7.cxd5 cxd5 8.Bd2 e6
9.Rc1 Bd6 10.Nh4 Bg6 11.Nxg6 hxg6 12.g3 Nc6 13.Bg2 O-O 14.Na4 e5 15.dxe5 Nxe5
16.O-O b5 17.Nc3 Rd7 18.Ne2 Ne4 19.Rcd1 Nc4 20.Bc1 Bb8 21.Qc2 Re8 22.b3 Ne5
23.Bb2 Ba7 24.Bd4 Bxd4 25.Rxd4 Qf6 26.Nf4 Qf5 27.Rc1 Ng5 28.Qxf5 gxf5 29.Rxd5 Ngf3+
30.Bxf3 Nxf3+ 31.Kg2 Rxd5 32.Nxd5 Ne5 33.Rc5 f6 34.h3 Rd8 35.Ne7+ Kf7 36.Nxf5 Rd2
37.Rc7+ Ke6 38.Nxg7+ Kd6 39.Ne8+ Ke6 40.Ra7 Nd3 41.Ng7+ Ke5 42.Re7+ Kd6 43.Re6+ Kd7
44.Rxf6 Rxa2 45.h4 Ke7 46.Rf5 Rc2 47.h5 Rc6 48.Rd5 Nc1 49.Nf5+ Kf6 50.Nd4 Rb6
51.g4  1-0

[Event "FSIMA February"]
[Site "Budapest HUN"]
[Date "2007.02.13"]
[Round "11"]
[White "Leviczki,T"]
[Black "Adams,N"]
[Result "1-0"]
[WhiteElo "2296"]
[BlackElo "2197"]

1.Nf3 d5 2.c4 e6 3.g3 c5 4.Bg2 Nc6 5.O-O Nf6 6.b3 Be7 7.Bb2 O-O 8.d3 d4 9.e3 e5
10.Re1 Nd7 11.Na3 Re8 12.Nc2 a5 13.Na3 f6 14.Nh4 g6 15.Nf3 Nf8 16.Nb5 Bf5
17.exd4 cxd4 18.a3 Na7 19.Nh4 Bc8 20.Nxa7 Rxa7 21.f4 Bd6 22.fxe5 fxe5 23.Nf3 Bg4
24.Qc2 Nd7 25.Nd2 Bf5 26.Ne4 Bf8 27.Bc1 Bxe4 28.Bxe4 Bg7 29.Bd2 Nc5 30.Bd5+ Kh8
31.b4 Nd7 32.bxa5 Nf6 33.Be4 Qd7 34.Rab1 Bf8 35.a4 Re7 36.Rb5 Nxe4 37.Rxe4 Bg7
38.Qd1 Rf7 39.Qe2 Ra8 40.Bb4 Bh6 41.Rexe5 Be3+ 42.Rxe3 dxe3 43.Qxe3 Qh3 44.Qe2 h5
45.Re5 Kh7 46.Qg2 Qd7 47.Qe4 Qxa4 48.Rxh5+ Kg8 49.Qxg6+ Rg7 50.Qe6+ Rf7 51.Rg5+  1-0

[Event "64th ch-POL"]
[Site "Opole POL"]
[Date "2007.02.15"]
[Round "7"]
[White "Markowski,T"]
[Black "Lubczynski,R"]
[Result "1-0"]
[WhiteElo "2553"]
[BlackElo "2383"]

1.Nf3 d5 2.c4 c6 3.e3 Nf6 4.Nc3 a6 5.b3 Bg4 6.Be2 e6 7.Bb2 Bd6 8.h3 Bh5 9.d3 h6
10.a3 b5 11.O-O O-O 12.b4 Nbd7 13.c5 Bc7 14.Nd4 Bxe2 15.Qxe2 Qe8 16.a4 bxa4
17.Rxa4 e5 18.Nb3 Rb8 19.Qc2 a5 20.Nxa5 Bxa5 21.bxa5 Nxc5 22.Ra2 Na6 23.Ba3 c5
24.Rb1 Rxb1+ 25.Qxb1 d4 26.Qb7 Qe6 27.exd4 cxd4 28.Bxf8 dxc3 29.Rc2 Nd5 30.Ba3 Kh7
31.Qb5 f5 32.Qc4 Nac7 33.Bb4 Qg6 34.Bxc3 Nf4 35.g3 Ncd5 36.Bxe5 Nxh3+ 37.Kg2  1-0

[Event "ch-St Petersburg sf"]
[Site "St Petersburg RUS"]
[Date "2007.02.17"]
[Round "8"]
[White "Kryschilovskij,A"]
[Black "Vunder,A"]
[Result "1/2-1/2"]
[WhiteElo "2339"]
[BlackElo "2255"]

1.Nf3 d5 2.c4 c6 3.e3 Nf6 4.Nc3 Bg4 5.cxd5 Bxf3 6.Qxf3 cxd5 7.g4 e6 8.g5 Nfd7
9.h4 Nc6 10.d4 Nb6 11.Bd3 a6 12.O-O Be7 13.Qg4 h5 14.Qg2 g6 15.Rd1 O-O 16.b3 Rc8
17.Bb2 Qd7 18.Rac1 Rfd8 19.Ne2 Bd6 20.f4 Ne7 21.Ng3 Nf5 22.Nxf5 exf5  1/2-1/2

[Event "V Breizh Masters GM"]
[Site "Guingamp FRA"]
[Date "2007.02.20"]
[Round "5"]
[White "Spiridonov,Niko1"]
[Black "Benitah,Y"]
[Result "1/2-1/2"]
[WhiteElo "2365"]
[BlackElo "2423"]

1.Nf3 d5 2.c4 c6 3.e3 Nf6 4.b3 Bg4 5.Bb2 e6 6.Be2 Nbd7 7.d3 Bd6 8.O-O O-O
9.Nbd2 Re8 10.cxd5 exd5 11.a3 a5 12.Re1 Nf8 13.Bc3 N6d7 14.b4 axb4 15.axb4 Qb6
16.Qb3 Ne6 17.Qb2 f6 18.h3 Bh5 19.Bf1 Nc7 20.Nd4 Bg6 21.N2f3 Rxa1 22.Rxa1 Ra8
23.Rxa8+ Nxa8 24.Ne6 Nc7 25.Nxc7 Bxc7 26.Qa3 Bb8 27.d4 Qc7 28.b5 Be4 29.Be2 h6
30.Ba5 b6 31.bxc6 Qxc6 32.Qc3 Qxc3  1/2-1/2

[Event "64th ch-POL"]
[Site "Opole POL"]
[Date "2007.02.22"]
[Round "13"]
[White "Markowski,T"]
[Black "Grabarczyk,M"]
[Result "1-0"]
[WhiteElo "2553"]
[BlackElo "2461"]

1.Nf3 d5 2.c4 c6 3.e3 Nf6 4.Qc2 g6 5.b3 Bg7 6.Bb2 O-O 7.Be2 Bg4 8.O-O Nbd7
9.d3 Re8 10.h3 Bxf3 11.Bxf3 e5 12.Nd2 a5 13.a3 Qe7 14.Rfd1 Rad8 15.Bc3 e4
16.dxe4 dxe4 17.Be2 Ra8 18.Bf1 h5 19.g3 Nf8 20.Bg2 N8h7 21.b4 axb4 22.axb4 b6
23.Rxa8 Rxa8 24.Qb2 Bf8 25.Ra1 Rxa1+ 26.Qxa1 c5 27.bxc5 bxc5 28.Qa8 Ng5 29.h4 Ngh7
30.Nxe4 Nxe4 31.Qxe4 Qxe4 32.Bxe4 Bg7 33.Ba5 Bb2 34.Kf1 f5 35.Bc6 Nf6 36.Bb6 Ba3
37.f3 Kf7 38.Ke2 Bb4 39.Bc7 Ke6 40.Kd3 Ba3 41.Bb7 Bb2 42.Bc8+ Ke7 43.Bf4 Ne8
44.Bb7 Nf6 45.Kc2 Ba1 46.Kb3 Ne8 47.Bd5 Ng7 48.Ka4 Bc3 49.Kb5 Bb4 50.Kc6 Ne8
51.e4 fxe4 52.fxe4 Nf6 53.Bd6+ Ke8 54.e5 Ng4 55.Be4 Kf7 56.Bd5+ Ke8 57.e6 Nf6
58.Kc7 Ba5+ 59.Kc8 Nxd5 60.cxd5 c4 61.Ba3  1-0